Normal view
MARC view
Entry Personal Name
001 - CONTROL NUMBER
- control field: 53596
003 - CONTROL NUMBER IDENTIFIER
- control field: OSt
005 - DATE AND TIME OF LATEST TRANSACTION
- control field: 20250521165105.0
008 - FIXED-LENGTH DATA ELEMENTS
- fixed length control field: 250521|| aca||aabn | a|a d
040 ## - CATALOGING SOURCE
- Original cataloging agency: OSt
- Transcribing agency: OSt
100 ## - HEADING--PERSONAL NAME
- Personal name: Cuffey, J., Newby, K. and Smith, S.
670 ## - SOURCE DATA FOUND
- Source citation: Work cat.: (OSt)526608: Cuffey, J., Newby, K. and Smith, S. , Social inequity in administrative burdens: Evidence from the supplemental nutrition assistance program (SNAP)
